Grace in thine eyes / Liz Curtis Higgs.
Available copies
- 3 of 3 copies available at LARL/NWRL Consortium.
- 3 of 3 copies available at Northwest Regional Library. (Show preferred library)
Current holds
0 current holds with 3 total copies.
Show Only Available Copies
| Location | Call Number / Copy Notes | Barcode | Shelving Location | Status | Due Date |
|---|---|---|---|---|---|
| Karlstad LINK Site | HIG (Text) | 35500005101900 | Main | Available | - |
| Roseau Public Library | HIG (Text) | 35500006201212 | Main | Available | - |
| Warroad Public Library | C HIG (Text) | 35500004685853 | Main | Available | - |
Record details
- ISBN: 1578562597
- Physical Description: 447 p. : maps ; 21 cm.
- Edition: 1st ed.
- Publisher: Colorado Springs, Colo. : Waterbrook Press, 2006.
Search for related items by subject
| Subject: | Dinah (Biblical figure) > Fiction. Scotland > History > 19th century > Fiction. |
| Genre: | Historical fiction. Christian fiction. |
| LDR | 01424cam a2200337 a 4500 | ||
|---|---|---|---|
| 001 | 67530 | ||
| 003 | LARL_NWRL_CONSORTIUM | ||
| 005 | 20060327161017.0 | ||
| 008 | 051118s2006 coub 000 1 eng | ||
| 010 | . | ‡a2005033536 | |
| 020 | . | ‡a1578562597 | |
| 035 | . | ‡a(OCoLC)62341520 | |
| 040 | . | ‡aDLC ‡cDLC ‡dIG# ‡dBAKER ‡dCD5 ‡dDPB | |
| 043 | . | ‡ae-uk-st | |
| 082 | 0 | 0. | ‡a813/.54 ‡222 |
| 100 | 1 | . | ‡aHiggs, Liz Curtis. ‡0(LARL_NWRL_CONSORTIUM)9294 |
| 245 | 1 | 0. | ‡aGrace in thine eyes / ‡cLiz Curtis Higgs. |
| 250 | . | ‡a1st ed. | |
| 260 | . | ‡aColorado Springs, Colo. : ‡bWaterbrook Press, ‡c2006. | |
| 300 | . | ‡a447 p. : ‡bmaps ; ‡c21 cm. | |
| 600 | 0 | 0. | ‡aDinah ‡c(Biblical figure) ‡vFiction. |
| 651 | 0. | ‡aScotland ‡xHistory ‡y19th century ‡vFiction. | |
| 655 | 7. | ‡aHistorical fiction. ‡2gsafd | |
| 655 | 7. | ‡aChristian fiction. ‡2gsafd | |
| 901 | . | ‡a67530 ‡bOCLC ‡c67530 ‡tbiblio | |

Add to basket
Permalink
Disable Highlighting